Money heist - Statistics

General Stats
  • This quiz has been taken 720 times
  • The average score is 6 of 10
Answer Stats
Question Answer % Correct
What mask does the gang where? Dali
93%
Where is Helsinki and Oslo from? Serbian
93%
What is Denver's real name? Daniel
85%
What gun does the gang most often use? M16
77%
Where was Rio tortured? Algeria
70%
Opening song for Money Heist. My life is going on
59%
What is Gandia son's name? Juanito
41%
Which episode did the police try to enter the Royal Mint of Spain after the professor's mess up? S1EP12
40%
What is Manila's real name? Juan
33%
In what episode does the professor try to kill Raquel's mom but in the end didn't? S1EP13
18%
No matching quizzes found
Score Distribution
Percent of People with Each Score
Percentile by Number Answered
Your Score History
You have not taken this quiz